North American countries Sudden Death - Statistics

General Stats
  • This quiz has been taken 42 times
  • The average score is 22 of 23
Answers on the Grid
Answers color-coded by a green-red scale on the quiz's grid according to % correct below.
Liberia
Bahamas
Taiwan
Cuba
Dominica
Dominican republic
Grenada
St kitts and Nevis
Eswatini
St vincent and the grenadines
Trinidad and Tobago
Belize
Costa rica
China
Guatemala
Nicaragua
Luxembourg
El salvador
United States of America
Jamaica
Barbados
Albania
Suriname
Canada
Honduras
St lucia
Tonga
Georgia
Panama
Antigua and barbuda
Haiti
Mexico
 
Answer Stats
Answer % Correct
Bahamas
100%
Costa rica
100%
Dominica
100%
Dominican republic
100%
El salvador
100%
Guatemala
100%
Trinidad and Tobago
100%
United States of America
100%
Barbados
97%
St vincent and the grenadines
97%
Cuba
94%
Grenada
94%
Nicaragua
94%
Antigua and barbuda
91%
Belize
91%
Jamaica
91%
Panama
91%
St kitts and Nevis
91%
St lucia
88%
Haiti
85%
Honduras
85%
Mexico
85%
Canada
82%
No matching quizzes found
Score Distribution
Percent of People with Each Score
Percentile by Number Answered
Your Score History
You have not taken this quiz